000
00291nam a2200121Ia 4500
005
20251222144846.0
008
251222s9999||||xx |||||||||||||| ||spa||
082
_a
869.57/H87/Ej.2
100
_a
Huerto Vizcarra, Héctor
245
0
_a
Sones Alados
264
_b
Lustra Editores
942
_c
LIB
999
_c
21425
_d
21425